[Event "EU-Cup 21st"]
[Site "Saint Vincent"]
[Date "2005.09.18"]
[Round "1.6"]
[White "Gretarsson, Andri Ass"]
[Black "Yemelin, Vasily"]
[Result "0-1"]
[WhiteElo "2318"]
[BlackElo "2530"]
[Annotator "Lukacs,P"]
[PlyCount "64"]
[EventDate "2005.09.18"]
[EventType "team-swiss"]
[EventRounds "7"]
[EventCountry "ITA"]
[SourceTitle "CBM 110"]
[Source "ChessBase"]
[SourceDate "2006.01.31"]
[SourceVersion "1"]
[SourceVersionDate "2006.01.31"]
[SourceQuality "1"]
[WhiteTeam "Reykjavik Hellir"]
[BlackTeam "Saransk"]
[WhiteTeamCountry "ISL"]
[BlackTeamCountry "RUS"]

1. e4 e5 2. Nf3 Nc6 3. Bc4 Nf6 4. Ng5 d5 5. exd5 Na5 6. Bb5+ c6 7. dxc6 bxc6 8.
Be2 h6 9. Nh3 {The old Steinitz Variation, popularized also by Fischer.} g5 $5
{Black wants to make more profit from the awkward position of the h3N. However
the N has to back to g1 anyway.} (9... Be7 {- Sermek-Romanishin, Solin/Spilt
2002 CBM 093}) (9... Bd6 10. d3 O-O 11. Nc3 Nd5 12. Bd2 (12. O-O Rb8 {-
Short-Wedberg, Sigeman Co Malmo 2002 CBM 90}) 12... Rb8 {- Ivanchuk-Beliavsky,
Dortmund 1998 CBM 66}) (9... Bc5) 10. d3 (10. c3 $6 {is not in the spirit of
this variation.} Qd5 $1 11. f3 (11. Ng1 g4 $44) 11... Bxh3 12. gxh3 Nb7 13. Qa4
Bc5 14. Na3 O-O $44 {Malakhatko-Taborov, Kiev 2003}) (10. Nc3 {followed by d3
usually transposes to 10.d3, but probably this is the precise move order..} Rg8
(10... Bc5 11. Na4) 11. d3 Rb8 12. Ng1 {There is no other way for the N, but
g5 and Rg8 are not very healthy moves either.} g4 (12... c5 13. Nf3 Nc6 14. O-O
Be6 15. b3 g4 16. Nd2 Nd4 17. Nde4 $16 {Kruppa-Sergeev, Kiev 2003}) 13. Bf1 $5
{This looks really odd, but Nge2 will come.} (13. g3 c5 14. h3 h5 15. hxg4 hxg4
16. b3 Nc6 17. Bb2 Nd4 18. Qd2 Bf5 19. O-O-O $14 {and the K is fairly safe on
the <<, Shishkin-Kosikov, Kiev 2003.}) 13... c5 14. Nge2 Nc6 15. Ng3 Be6 16.
Be2 (16. Nge4 Nd7 17. Nd2 Nd4 18. Nb3 Qc7 19. Be3 {1/2-1/2 Kosikov-Sergeev,
Kiev 2003}) 16... Nd4 17. O-O {and White has finished his development.} h5 18.
Nge4 $16) 10... Bg7 (10... c5 $143 11. Ng1 $142 {The N has to leave anyway, so
it is better to do it quickly.} (11. Nc3 Nc6 12. Bf3 {The B will become a
target here.} Qd7 13. Ng1 (13. Ne4 Nxe4 14. Bxe4 g4 15. Ng1 f5 16. Bxc6 Qxc6 {
Black has a strong ^^ and |^ for the sacrificed P.} 17. f3 c4 (17... Bg7 $44)
18. Qe2 cxd3 19. cxd3 Bg7 $15 {Veinger-Bronstein, Rishon Le Ziyyon 1991}) 13...
Bb7 (13... g4 14. Be4 Rg8 15. Nge2 $16 {G.Timoshenko-Kosikov, Kiev 2003}) 14.
Nge2 g4 15. Be4 O-O-O $44) 11... Nc6 12. Nf3 Be6 (12... Bg7 13. O-O O-O 14. Nc3
Be6 15. Be3 $14) 13. c3 Qc7 (13... Be7 14. O-O $142 (14. h3 {is an unnecessary
weakening move.} Qd7 15. Nbd2 {1/2-1/2 Sergeev-Kosikov, Kiev 2003} O-O-O 16.
O-O $14)) 14. O-O Be7 15. Na3 g4 16. Nd2 h5 {Black has some attacking chances
on the >>, but his K is also not 100% safe.} 17. Ne4 $14 {Kruppa-Kosikov, Kiev
2003}) (10... Rg8 11. Ng1 (11. g4 {looks really ugly.} Be6 (11... c5 12. Nc3
Nc6 13. Ne4 (13. Bf3 Nd4 14. Rg1 {and the bad N remains on h3...} (14. Bxa8 $2
Bxg4 $1 $19) (14. Ne4 Nd5 15. c3 Nxf3+ 16. Qxf3 Be7 $44) 14... Be6 $44) 13...
Nd4 14. f3 {(Tkachenko-Kuzmin, Voroshilovgrad 1989)} Be6 15. Nhf2 Nd5 16. c3
Nxe2 17. Qxe2 Be7 $44) 12. Nc3 Qd7 $44) (11. Nc3 {- 10.Nc3}) 11... g4 12. Nc3 {
looks logical.} (12. c3 {weakens >< d3.} c5 (12... Bf5 $44) 13. Bf1 Be6 14. Na3
Qd7 15. Nc2 Nc6 16. Ne3 {(Kosikov-Kruppa, Kiev 2003)} O-O-O $44) (12. Bf1 $5 {
I know this is not a suitable example for beginners teaching the importance of
development, but Ne2 has to be prepared.}) (12. Nd2 Bc5 $44 (12... Be6 13. Nf1
(13. Bf1 $5 {/\ Nc3}) 13... h5 14. Ne3 {White's N manoeuvres fail to impress,
he has to solve the problem of his other N.} Qb6 15. c3 O-O-O $44))) (10... g4
$5 11. Ng1 Bc5 (11... Rg8 {- 10...Rg8}) 12. Nc3 (12. Be3 $2 {gives Black the
desired target.} Bxe3 13. fxe3 Nd5 $17) (12. c3 Qd5 13. f3 Bb6 $44) 12... Be6
$142 (12... Qd6 13. Na4 $14 {Gligoric}) (12... Qb6 13. Na4 $1 $14) 13. Bf1 (13.
Ne4 $2 Nxe4 14. dxe4 Qb6) 13... Qb6 $44 {>< f2}) 11. Nc3 (11. Ng1 O-O 12. Nc3 {
- 11.Nc3} (12. h4 {White has no attacking chances, he has to finish
development first.} Nd5 13. hxg5 hxg5 14. g3 Nb7 15. Bf1 Bf5 16. Nf3 e4 $40 {
Kruppa-Taborov, Kiev 2003}) (12. Nf3 Nd5 (12... e4 $5 {opening up the position
for the better developed pieces looks also interesting.} 13. dxe4 Qxd1+ 14.
Bxd1 Nxe4 15. O-O Ba6 16. Re1 Rfe8 $44) 13. O-O g4 $5 {This aggressive plan
deserves serious attention.} (13... Nb7 {is not so urgent.} 14. c3 Nf4 15. Bxf4
exf4 16. d4 Nd6 17. Nbd2 $14 {Kosikov-Taborov, Kiev 2003}) (13... c5 14. Nc3
Nc6 (14... Nf4 15. Be3) 15. Nxd5 Qxd5 16. c3 Rb8 17. Nd2 Bb7 18. Bf3 Qxd3 {
(Sergeev-Kruppa, Kiev 2003)} 19. Nb3 $14) (13... Rb8 {is fighting against Nc3,
but in vain:} 14. Nc3 (14. c3 $143 c5 15. Re1 (15. Na3 Nf4 16. Bxf4 exf4 {
Black's strong ^^ fully compensates the sacrificed P.} 17. Rb1 (17. Qc2 Bf5 18.
Nd2 Re8 19. Ne4 c4 $44) 17... Bb7 $44 {Kruppa-Shishkin, Kiev 2003}) 15... Nf4
16. Bxf4 exf4 17. Qc2 Bf5 18. Na3 c4 19. Red1 Re8 $44 {Kosikov-Shishkin, Kiev
2003}) 14... Nxc3 15. bxc3 e4 16. dxe4 Qxd1 17. Rxd1 Bxc3 18. Ba3) 14. Nfd2 (
14. Ne1 f5 $44) 14... f5 $44 {and Black's pawns look impressive.})) 11... O-O (
11... Rb8 12. b3 O-O 13. Bb2 Nd5 (13... c5 14. Ng1 Nc6 15. Nf3 Be6 16. h3 Nd7
17. g4 Nd4 $44 {Shishkin-Vysochin, Kiev 2003}) 14. Qd2 Be6 15. Ng1 Nf4 $44 {
Shishkin-Malakhatko, Kiev 2003}) 12. Be3 $6 {The B is exposed here.} (12. Ng1 {
is the typical defence here, White has to solve the problem of his N on the
edge of the board.} Nd5 (12... Rb8 13. Nf3 (13. h4 $2 {White overestimates his
chances, there is no time for an -> yet.} g4 14. Ne4 Nd5 15. Ng3 f5 $40 {
Taborov-Shishkin, Kiev 2003}) 13... Nd5 $5 (13... Bf5 14. O-O Qc7 15. Nd2 $16))
(12... Nb7 13. Nf3 (13. Bf3 {The B is vulnerable here, especially after Nge2.}
Qc7 14. h3 Nd6 15. Nge2 Nf5 16. O-O Nh4 17. Ng3 Rb8 18. b3 $5 (18. Nh5 Nxf3+
19. Qxf3 Nxh5 20. Qxh5 Bf5 21. Rb1 Bg6 22. Qe2 f5 $36 {Pilgaard-Dervishi,
Bergamo 2004})) 13... Nd5 14. O-O (14. Nxd5 cxd5 15. d4 e4 (15... f6 16. O-O
Be6 (16... e4 17. Ne1 f5 18. f4 {with a successful blockade.}) 17. Re1 Nd6 $14)
16. Ne5 f6 17. Ng6 Re8 18. h4 Bf5 19. h5 (19. Bh5 Qb6) 19... Bxg6 20. hxg6 f5
21. c3 Re6 22. Bb5 a6 23. Ba4 Rxg6 24. Bb3 Na5 $132 {Shishkin-Taborov, Kiev
2003}) 14... Nd6 15. Ne4 f5 16. Nxd6 Qxd6 17. Nd2 g4 18. Re1 Ba6 19. Bf1 Qg6 {
Black has a very active position, the white pieces are still very passive.} 20.
g3 Rad8 $44 {Grischuk-Malaniuk, Tomsk 2001}) 13. h4 $5) 12... Nd5 13. Nxd5 $2 {
This gives up the whole [+] for nothing.} (13. O-O $5 Nxe3 14. fxe3 Qb6 {
was not rosy either, but better than in the game.} 15. Qd2 Bxh3 16. gxh3 f5 17.
Kh1 (17. Na4 Qc7 18. Nc5 Rae8 19. Qc3 $16) 17... Rad8 18. b3 Nb7 $44) 13...
cxd5 14. O-O d4 15. Bd2 Rb8 16. Rb1 (16. b3 Nc6 $15) 16... Nc6 {Improving
finally the position of Black's only bad piece.} (16... Be6 17. b3 Nc6) 17. Kh1
(17. Bf3 Qd7 {/\ f5} 18. g4 Ne7 19. Kh1 f5 $40) 17... Be6 18. a3 f5 {Black's
mighty P chain is really impressive.} 19. Ng1 Qc7 20. Nh3 $2 {Back again to
the edge of the board...} (20. c4 e4 $36) 20... e4 $17 21. dxe4 $2 (21. b4 Ne5
$17) 21... fxe4 {Now White collapses soon.} 22. f3 e3 23. Be1 Kh8 24. Bd3 Ba2
25. Ra1 Rxb2 $19 26. Qc1 Rfb8 27. a4 Ne5 28. Bg3 Bc4 29. Rd1 Bxd3 30. cxd3 Rc2
31. Qa3 Bf8 32. Bxe5+ Qxe5 0-1

[Event "Reggio Emilia 0001 43th"]
[Site "Reggio Emilia"]
[Date "2001.01.07"]
[Round "9"]
[White "Bellini, Fabio"]
[Black "Romanishin, Oleg M"]
[Result "1/2-1/2"]
[WhiteElo "2484"]
[BlackElo "2591"]
[Annotator "Lukacs,P"]
[PlyCount "71"]
[EventDate "2000.12.30"]
[EventType "tourn"]
[EventRounds "9"]
[EventCountry "ITA"]
[EventCategory "8"]
[SourceTitle "CBM 081"]
[Source "ChessBase"]
[SourceDate "2001.03.20"]
[SourceVersion "1"]
[SourceVersionDate "2001.03.20"]
[SourceQuality "1"]

1. e4 e5 2. Nf3 Nc6 3. Bc4 Nf6 4. Ng5 d5 5. exd5 Na5 6. Bb5+ c6 7. dxc6 bxc6 8.
Be2 h6 9. Nf3 {Nowadays Morozevich plays this line from time to time with
considerable success.} e4 10. Ne5 Bd6 11. d4 (11. f4 {is the other alternative.
}) 11... exd3 12. Nxd3 O-O (12... Qc7 $1 {is more frequently played hindering
both 0-0 and Bf4. Black has sufficient compensation for the sacrificed P.}) 13.
Bf4 $5 {The is the consistant answer.} (13. O-O Qc7 14. h3 (14. f4 {This
weakens a lot of squares.} Bf5 15. Nc3 Rad8 $44 {Prieur-Emschermann, Achen 1982
}) (14. g3 {weakens the light squares similarly to the Ruy Lopez Marshall
Attack.} Bh3 15. Re1 Rad8 $44) 14... Bf5 15. b3 Rad8 16. Bb2 Nd5 17. Nc3 Nf4
$44 {Nouro-Koskinen, Helsinki, 1997}) (13. Nd2 {/\ Nf3} Re8 14. O-O Qc7 15. Nf3
c5 {opening up the long /^ and securing the retrat of the N from the edge of
the board.} 16. b3 Bb7 17. g3 Nc6 $44 {Konig-Hrouda, Klatovy 1996}) (13. b3 Qc7
{- Arakhamia-Smyslov, Women-Veterans London 1996 CBM 55}) 13... Bxf4 14. Nxf4
Qc7 (14... Qb6 $5 15. b3 Rd8 (15... Qb4+ 16. Qd2 {helps only for White.}) 16.
Qc1 Qb4+ 17. c3 Qe7 18. O-O {/\} g5 19. Nh5 $1) 15. Qc1 (15. Nd3 c5 16. O-O c4
$44 {and there is no good square for the N.}) 15... c5 16. Nc3 (16. O-O Bb7 $44
) 16... Bb7 17. O-O Rad8 {Black has a strong pressure for the P, his pieces
are rather active, meanwhile White's position lacks harmony.} 18. Rd1 (18. Re1
Rd4 $44) 18... Rxd1+ 19. Nxd1 (19. Bxd1 Re8 $44) 19... Nc6 {/\ Nd4 activating
the N.} 20. Bf3 (20. Nc3 Nd4 $44) 20... Nd4 21. Bxb7 Qxb7 (21... Nh5 $5 {
is a tricky idea, but White can defend himself.} 22. Kh1 Nxf4 23. Be4 f5 24.
Bd3 Nxd3 25. cxd3 f4 26. f3 Qe5 27. Nc3 $14) 22. Nc3 Re8 {White is still a P
up, but his Q and R cannot come into play easily.} 23. f3 Qb8 $1 24. Kh1 (24.
Rb1 {also allows} Nxc2 25. Qxc2 Qxf4 $11) (24. Nd3 $2 c4 $17 {and White has to
retreat again.}) 24... Nxc2 $1 $11 {Now Black has gained back the P, but the
tension is also solved, so a draw is not far from here.} 25. Qxc2 Qxf4 26. Qf2
Qb4 27. Rd1 Rb8 28. Rd2 Re8 29. g3 h5 30. Kg2 Qc4 31. Rc2 Qd3 32. h4 Qf5 33.
Nb5 Qd3 34. Nc3 Qf5 35. Nb5 Qd3 36. Nc3 1/2-1/2

[Event "Budapest FS02 GM"]
[Site "Budapest"]
[Date "2000.02.16"]
[Round "12"]
[White "Nguyen, Anh Dung"]
[Black "Yu, Shaoteng"]
[Result "1-0"]
[WhiteElo "2496"]
[BlackElo "2535"]
[Annotator "Lukacs,P"]
[PlyCount "51"]
[EventDate "2000.02.05"]
[EventType "tourn"]
[EventRounds "13"]
[EventCountry "HUN"]
[EventCategory "9"]
[SourceTitle "CBM 076"]
[Source "ChessBase"]
[SourceDate "2000.05.31"]
[SourceVersion "1"]
[SourceVersionDate "2000.05.31"]
[SourceQuality "1"]

1. e4 e5 2. Nf3 Nc6 3. Bc4 Nf6 4. Ng5 d5 5. exd5 Na5 6. Bb5+ c6 7. dxc6 bxc6 8.
Be2 h6 9. Nf3 e4 10. Ne5 Bd6 11. d4 {This old-forgotten line has got some
popularity after Morozevich's successes, who regularly uses it on top level
tournaments.} (11. f4 {is the other main continuation.}) 11... O-O (11... exd3
{is the other option now.}) 12. O-O Qc7 13. Bd2 $1 {White gives back the
material in order to finish the development and get the ^^.} (13. Bf4 $6 Rb8 {
in order to prepare c6-c5.} (13... c5 $6 14. Nc3 $1 $16 {/\ Nb5}) (13... Rd8
14. Nc3 $1) 14. Nd2 Nd5 $5 (14... Rxb2 {is a brave decision, after which Black
has to keep an eye on the trapped R.} 15. Nb3 Nd5 $5 (15... Nxb3 $6 16. axb3
Nd5 17. Bg3 Nb4 18. c3 (18. Nc4 $6 {wins the exchange, but after} Bxg3 19. Nxb2
Bxh2+ 20. Kh1 Bf4 $44 {Black has an adequate compensation because of the
weakened K's position.}) 18... Na2 (18... Nd5 19. Bc4 $1) 19. Bc4 Bxe5 (19...
Nxc3 $2 20. Qc1 $18) (19... Be6 $2 20. Bxe6 Nxc3 21. Nxf7 $1 $18) 20. Bxe5 Qe7
21. Re1 $16 {Vallejo-Hernandez, Capablanca mem Premier 1 1999}) 16. Bg3 $1 {
White has to keep the activity of his pieces.} (16. Bc1 {is too
straightforward.} Nxb3 17. axb3 Ra2 $1 {So the R slipped away again.} 18. Rxa2
Nc3 19. Qd2 Nxa2 {The next chance is the trapped N on a2!} 20. Bb2 f6 21. Ng6
Rd8 22. g3 (22. c3 Be6) 22... Nb4 {However the N has escaped as well.}) 16...
f6 $1 (16... Nc3 17. Qd2 Nxe2+ 18. Qxe2 $16 {and the R remains imprisoned.}) (
16... c5 17. Nxc5 Nc3 18. Qd2 Nxe2+ 19. Qxe2 Bxc5 20. Nc4 $1 $16 {and four (!)
pieces are hanging at the same time.}) 17. Ng6 (17. Nxa5 fxe5 18. Nc4 Nc3 19.
Qd2 Nxe2+ 20. Qxe2 Ba6 $11 {and the pin on the /^ f1-a6 saves Black.}) 17...
Bxg3 18. hxg3 Nc3 19. Qd2 Nxe2+ 20. Qxe2 Re8 21. Nf4 Re7 (21... Nxb3 $2 22.
axb3 Qf7 23. Qd1 $1 {and the R is finally trapped.}) 22. Rfb1 {If You can't
beat him, exchange him?!} Rxb1+ 23. Rxb1 Nxb3 24. Rxb3 Qd6 $13) 15. Bg3 f5 {
/\ f4} 16. Ng6 Rf6 17. Bxd6 Rxd6 18. Ne5 Rxb2 $13) (13. f4 $6 {ignoring the
development gives Black free hand in the [+].} c5 $1 14. c3 Rb8 {inserting the
pressure on White's position.} (14... cxd4 15. cxd4 Nd5 $1 16. a3 Bb7 $44 {
with a strong blockading N on d5, Vogt-Gumprich, Berlin 1947.}) 15. b3 (15. Na3
cxd4 16. cxd4 ({There is no time for} 16. Nb5 $2 {because of} Rxb5 $1 17. Bxb5
dxc3 $17 ({or} 17... Qb6 18. a4 d3+ $17 {Arnold-Chigorin, St.Petersburg 1885}))
16... Bxa3 17. bxa3 Rd8 $13 {and White's P structure is ruined.}) (15. Qe1 Nd5
16. Bh5 Ba6 {White's lead of development is unbearable.} 17. Rf2 cxd4 18. cxd4
Bb4 19. Qd1 f6 $17 {Herbrechtsmeier-San Marco, Geneva op 1988}) (15. Nd2 cxd4
16. cxd4 Rb4 $1 {/\ ><d4} 17. Nb3 Nxb3 18. axb3 Rxd4 $1 $17) 15... cxd4 16.
cxd4 Nd5 $44 {and Black has a fine game for the P. All the white's pieces are
passive except for the N on e5, the isolated P on d4 is successfully blockaded
by the strong N on d5.}) 13... Be6 (13... Bxe5 $143 $6 {was White's main
intention.} 14. dxe5 Qxe5 15. Bc3 Qf5 (15... Qc7 $2 {loses outright in view of}
16. Qd2 Nb7 17. Bxf6 $18) 16. Qd6 {activating the Q.} Nd5 17. Bd2 $1 {Now
Black's problem of the N on a5 remains.} ({The natural} 17. Bxa5 {is strongly
met by} Nf4 $1 18. Qd2 Qg5 19. g3 Nxe2+ 20. Qxe2 Qxa5 21. Qxe4 Rb8 $1 (21...
Bh3 {looks again very logical, but after} 22. Re1 Rab8 23. Na3 Qh5 24. b3 $1 (
24. Nc4 Be6 25. b3 Bd5 26. Qf4 Rbe8 $44 {with a dangerous B on the long /^,
Honfi-Mestrovic, Sarajevo 1966.}) 24... c5 25. Nc4 $16 {White can consolidate
his position.}) 22. b3 Bf5 23. Qxc6 Rbc8 24. Qf3 Rxc2 $36) 17... Re8 (17... Nf6
18. Qg3 $16) (17... Nb7 18. Qxc6 Rd8 19. c4 $16) 18. Qg3 $16 {and White's
strong ^^ begins to tell.}) (13... Rb8 $143 $6 14. Bxa5 $1 (14. Na3 Bxe5 15.
dxe5 Qxe5 16. Bc3 Qc5 17. Qd2 $16 {and Black's main weakness, the >< Na5
causes problems again, Gruber-Post, DSB-22Kongress 1922.}) 14... Qxa5 15. Nxc6
Qg5 16. Nxb8 Bh3 17. g3 Rxb8 18. f4 $18) (13... c5 $143 $6 14. Na3 $1 {/\ Nb5}
(14. Bxa5 {is again only a relief for Black.} Qxa5 15. Nc4 Qc7 16. Nxd6 Qxd6
17. dxc5 Qxc5 18. Nc3 (18. Qd2 $5 Rb8 19. b3) 18... Rb8 19. Qc1 Qe5 $44 {
Losev-Aliabiav, Russia 1996}) 14... a6 (14... cxd4 {loses material after the
forced moves} 15. Bxa5 Qxa5 16. Nec4 Qc7 17. Nxd6 Qxd6 18. Nb5 Qb6 19. Qxd4 $16
) 15. Bxa5 Qxa5 16. Nac4 Qc7 17. Nxd6 Qxd6 18. c3 Rd8 19. Bc4 Be6 20. Bxe6 Qxe6
21. Qa4 $16 {and White has finished his development with a healthy P up.}) (
13... Nb7 $5 14. Na3 $1 (14. f4 c5 15. c3 cxd4 16. cxd4 Qb6 {with doubled ->.})
(14. Bf4 {runs into} Nd5) 14... Bxe5 15. dxe5 Qxe5 16. Nc4 {This looks somehow
a bit better for White.} Qe7 (16... Qf5 $5 17. Ne3 Qg6) 17. Qc1 Re8 18. b3 Nd5
19. Qb2 Bf5 20. Rfe1 Nc5 21. Ne3 Bg6 22. Nxd5 cxd5 23. Rad1 Red8 24. Bb4 a5 25.
Bc3 Ne6 $11 {Nunn-Gligoric, Naestved 1985}) 14. Na3 Bxe5 $2 {Black cannot bear
the tension. He wins back the P, bur White's dark-squared B will be very
strong.} (14... Nb7 $142 {He had to keep the tension in the [+].} 15. f4 $5 (
15. Nac4 Bxc4 16. Bxc4 Bxe5 17. dxe5 Qxe5 18. Bc3 Qf5 19. Re1 Rad8 20. Qe2 Nd6
21. Bb3 Nd5 $13 {and the centralized knights can fight against the ^^.}) (15.
Qc1 Rfd8 (15... Bxe5 16. dxe5 Qxe5 17. Re1 Rfd8 18. Bc3 Qf5 19. Bxf6 Qxf6 20.
Qe3 $14 {Black has many P islands.}) 16. Nac4 Bxc4 17. Bxc4 Bxe5 18. dxe5 Qxe5
19. Bf4 Qf5 (19... Qe7 {is passive:} 20. Re1 $14 {Bogoljubov-Zimmermann,
Zurich 1928}) 20. Re1 Rd7 {and the active Q and rooks may compensate the
strong ^^.}) 15... Bxa3 (15... exf3 16. Nxf3 Bd5 17. h3 $5 (17. Kh1 Ng4 18. h3
Bxa3 19. bxa3 Bxf3 20. hxg4 Bxe2 21. Qxe2 Rfe8 $44 {and White's pawns are
pathetic.}) 17... Rad8 (17... Ne4 18. c4 Be6 19. Bd3 $14) 18. c3 Rfe8 19. Nc4
$14) 16. bxa3 c5 17. c3 Rfd8 18. Qa4 $14) 15. dxe5 Qxe5 16. Bc3 Qg5 (16... Qf5
17. Qd6 $16) 17. h4 $1 Qf5 (17... Qg6 $2 18. Bxa5 Bh3 19. g3 $18) 18. Qd6 (18.
g4 $5 {is brave, but White can survive the ->, for example:} Nxg4 (18... Qc5 {
is simply inferior.} 19. Bxf6 gxf6 20. Qd2 $16) 19. Bxa5 Qg6 20. Kh1 $1 (20.
Qd6 Ne3+ 21. Qg3 Nxf1) 20... Qh5 21. Bc7 $1 Qxh4+ 22. Kg2 Qg5 23. Bg3 $16)
18... Rab8 19. Rad1 Nb7 (19... Bxa2 $2 {hunting pawns is not wise in a
position like that.} 20. b3 Nd5 21. Bxa5 Nf4 22. Bc4 Qxa5 (22... Qg4 23. g3)
23. Ra1 $18) (19... Rb6 20. b3 Nb7 21. Qg3 $16) 20. Qg3 Nc5 21. Nc4 ({or} 21.
Rd6 e3 (21... Rbd8 22. Rxc6) 22. Qxe3 $18) 21... Bxc4 22. Bxc4 Na4 $6 (22...
Rbd8 23. Rd6 Rxd6 24. Qxd6 $16) 23. Bxf6 Qxf6 24. Rd6 $1 Qxb2 25. Rxh6 Nb6 26.
Qg6 $1 1-0

[Event "FRA-ch"]
[Site "Narbonne"]
[Date "1997.08.30"]
[Round "15"]
[White "Bauer, Christian"]
[Black "Anic, Darko"]
[Result "0-1"]
[WhiteElo "2525"]
[BlackElo "2445"]
[Annotator "Petursson,M"]
[PlyCount "72"]
[EventDate "1997.08.15"]
[EventType "tourn"]
[EventRounds "15"]
[EventCountry "FRA"]
[EventCategory "9"]
[SourceTitle "CBM 061"]
[Source "ChessBase"]
[SourceDate "1997.11.23"]
[SourceVersion "1"]
[SourceVersionDate "1997.11.23"]
[SourceQuality "1"]

1. e4 e5 2. Nf3 Nc6 3. Bc4 Nf6 4. Ng5 d5 5. exd5 Na5 6. Bb5+ c6 7. dxc6 bxc6 8.
Be2 h6 9. Nf3 e4 10. Ne5 Bd6 11. d4 exd3 12. Nxd3 Qc7 13. h3 O-O 14. O-O (14.
Nd2 Bf5 15. O-O Rad8 16. Re1 Nd5 17. Bf1 c5 18. Qf3 Bg6 19. c4 Nf6 20. Nb3 Nxc4
21. Ndxc5 Bxc5 22. Bxc4 Bb4 23. Qf4 Qxf4 24. Bxf4 Bxe1 25. Rxe1 Bd3 26. Bxd3
Rxd3 27. Be3 Rd7 28. Nc5 Re7 {Kholmov,R-Geller,E/RUS-ch Elista 1995/CBM 50/1/
2-1/2 (69)}) 14... c5 15. Nc3 Rb8 16. a3 (16. Bf3 c4 17. Ne1 Rd8 18. Qe2 Re8
19. Qd2 Rd8 20. Qe3 Bf5 21. Be2 Re8 22. Qf3 Bd7 23. Bxh6 Bc6 24. Qf5 Re5 25.
Qf4 Ne4 26. Qg4 f5 27. Qxg7+ Qxg7 28. Bxg7 Nxc3 29. Bf3 Kxg7 30. bxc3 Be4 31.
Rd1 Bc5 32. Bxe4 fxe4 33. Rd7+ Kf6 34. g4 Rb2 35. Kg2 Rxa2 36. f4 exf3+ 37.
Nxf3 Re2+ 38. Kg3 Ke6 39. Nd4+ Kxd7 40. Nxe2 Rxc2 41. Kf3 Nb3 42. Rd1+ Rd2 43.
Rh1 Rd3+ 44. Kf4 a5 45. Kf5 a4 46. g5 a3 47. g6 Bf8 48. Nc1 Nxc1 49. Rxc1 a2
50. Ra1 Rd2 51. h4 Bg7 {0-1 Siepenkoetter,A-Klovans,J/Berliner Sommer 1993/EXT
93op}) (16. Be3 Nc4 17. Qc1 Nxe3 18. fxe3 Re8 19. Nf4 c4 20. Rb1 Bc5 21. Ncd5
Nxd5 22. Nxd5 Qe5 23. Bxc4 Be6 24. Qd1 Rbd8 25. Qf3 Bxd5 26. Bxd5 Qxd5 27. Rbe1
Qxf3 28. Rxf3 Rd2 29. Rf2 Rxe3 30. Rxd2 Re2+ {Todorovic,Z-Mencinger,V/Pula op
1990/TD 90\01/0-1 (48)}) 16... Rd8 17. Qe1 Re8 18. Qd2 Nc4 19. Qd1 Bf5 20. b3
Na5 21. a4 a6 22. Ba3 Rbd8 23. Qc1 Bxd3 24. Bxd3 Be5 25. Bb2 c4 26. bxc4 Nxc4
27. Bxc4 Qxc4 28. Ra3 Bf4 29. Qb1 Bd6 30. Rb3 Qf4 31. g3 Qf5 32. Kg2 {[%tqu
"En","Can you find a winning move for Black here?","Sacrifice to break up his
kingside!","Use your bishop to expose his king!","d6g3","",20]} Bxg3 $1 33. Ne2
(33. fxg3 Rd2+ 34. Kg1 Qxh3 $19) (33. Kxg3 Nh5+ 34. Kh2 Re3 $1 35. fxe3 Rd2+
36. Kg1 Qg5+ 37. Kh1 Qg2#) 33... Rxe2 34. Rxg3 Nh5 35. Rg4 Rdd2 36. Bd4 Qd5+
0-1